Modernity and the holocaust. (Record no. 10396)

MARC details
000 -LEADER
fixed length control field 00552aam a2200205 4500
001 - CONTROL NUMBER
control field 7372
003 - CONTROL NUMBER IDENTIFIER
control field Uk
005 - DATE AND TIME OF LATEST TRANSACTION
control field 20250619153310.0
006 - FIXED-LENGTH DATA ELEMENTS--ADDITIONAL MATERIAL CHARACTERISTICS
fixed length control field m || d |
007 - PHYSICAL DESCRIPTION FIXED FIELD--GENERAL INFORMATION
fixed length control field cr |||||||||||
008 - FIXED-LENGTH DATA ELEMENTS--GENERAL INFORMATION
fixed length control field 040401s2004 enka ob 001 0 eng
020 ## - INTERNATIONAL STANDARD BOOK NUMBER
International Standard Book Number 9780801487194
082 04 - DEWEY DECIMAL CLASSIFICATION NUMBER
Classification number 303.6094 BAU
100 1# - MAIN ENTRY--PERSONAL NAME
Personal name Bauman, Zygmunt.
245 10 - TITLE STATEMENT
Title Modernity and the holocaust.
260 ## - PUBLICATION, DISTRIBUTION, ETC.
Place of publication, distribution, etc. New York :
Name of publisher, distributor, etc. Cornell University Press,
Date of publication, distribution, etc. 1989.
300 ## - PHYSICAL DESCRIPTION
Extent vii, 251 p. :
Other physical details ill, :
Dimensions 25 cm.
504 ## - BIBLIOGRAPHY, ETC. NOTE
Bibliography, etc. note Includes bibliographical references and index.
942 ## - ADDED ENTRY ELEMENTS (KOHA)
Source of classification or shelving scheme Dewey Decimal Classification
Koha item type Main
Holdings
Withdrawn status Lost status Source of classification or shelving scheme Damaged status Not for loan Collection code Home library Current library Shelving location Date acquired Inventory number Total Checkouts Full call number Barcode Date last seen Price effective from Koha item type Public note
    Dewey Decimal Classification     Main TEST RTC Library RTC Library Main opac 19/06/2025 19474   303.6094 BAU 30020692 19/06/2025 19/06/2025 Main Donated by Dr. Dolma
Royal Thimphu College || All Right Reserved